<?xml version="1.0" encoding="UTF-8"?><?xml-stylesheet type="text/xsl" href="static/style.xsl"?><OAI-PMH xmlns="http://www.openarchives.org/OAI/2.0/" xmlns:xsi="http://www.w3.org/2001/XMLSchema-instance" xsi:schemaLocation="http://www.openarchives.org/OAI/2.0/ http://www.openarchives.org/OAI/2.0/OAI-PMH.xsd"><responseDate>2026-06-01T21:13:51Z</responseDate><request verb="GetRecord" identifier="oai:riuma.uma.es:10630/17861" metadataPrefix="marc">https://riuma.uma.es/rest/oai/request</request><GetRecord><record><header><identifier>oai:riuma.uma.es:10630/17861</identifier><datestamp>2026-02-03T10:59:15Z</datestamp><setSpec>com_10630_2254</setSpec><setSpec>col_10630_37953</setSpec></header><metadata><record xmlns="http://www.loc.gov/MARC21/slim" xmlns:dcterms="http://purl.org/dc/terms/" xmlns:doc="http://www.lyncode.com/xoai" xmlns:xsi="http://www.w3.org/2001/XMLSchema-instance" xsi:schemaLocation="http://www.loc.gov/MARC21/slim http://www.loc.gov/standards/marcxml/schema/MARC21slim.xsd">
   <leader>00925njm 22002777a 4500</leader>
   <datafield ind2=" " ind1=" " tag="042">
      <subfield code="a">dc</subfield>
   </datafield>
   <datafield ind2=" " ind1=" " tag="720">
      <subfield code="a">Gallegos-Reina, Antonio Jesús</subfield>
      <subfield code="e">author</subfield>
   </datafield>
   <datafield ind2=" " ind1=" " tag="720">
      <subfield code="a">Perles-Roselló, María Jesús</subfield>
      <subfield code="e">author</subfield>
   </datafield>
   <datafield ind2=" " ind1=" " tag="260">
      <subfield code="c">2019</subfield>
   </datafield>
   <datafield ind2=" " ind1=" " tag="520">
      <subfield code="a">Las características rexistásicas de los sistemas eco-geomorfológicos en entornos mediterráneos predisponen a la existencia de riesgos ciertos de inundabilidad y erosión de suelos. Se trata de geo-sistemas de respuesta rápida frente al cambio en cualquiera de sus componentes y muy sensibles a los cambios en los usos del suelo. Este trabajo usa una región extensa y significativa como es la provincia de Málaga para evaluar el modo en que el aprovechamiento del territorio ha actuado positiva o negativamente sobre dichos riesgos. Para ello se realiza  un análisis diacrónico de ambos procesos y se evalúan las variaciones de su intensidad. Se han utilizado como indicadores el umbral de escorrentía y la erosión potencial de suelos, y se ha trabajado a dos escalas, la provincial, para obtener una visión comparativa de la distribución de los procesos, y una de más detalle para identificar de forma concreta cuáles son los cambios territoriales que explican los principales incrementos y decrementos en la erosión y la inundabilidad. Los resultados muestran el reparto geográfico de ambos riesgos en los dos periodos seleccionados, y permite concluir las variaciones espaciales a las que la evolución del territorio ha dado lugar, y la influencia que procesos como la litoralización, el turismo, la periurbanización, los incendios forestales o las reforestaciones.</subfield>
   </datafield>
   <datafield ind1="8" ind2=" " tag="024">
      <subfield code="a">https://hdl.handle.net/10630/17861</subfield>
   </datafield>
   <datafield ind1="8" ind2=" " tag="024">
      <subfield code="a">10.21138/bage.2740</subfield>
   </datafield>
   <datafield tag="653" ind2=" " ind1=" ">
      <subfield code="a">Inundaciones</subfield>
   </datafield>
   <datafield tag="653" ind2=" " ind1=" ">
      <subfield code="a">Erosión del suelo</subfield>
   </datafield>
   <datafield tag="653" ind2=" " ind1=" ">
      <subfield code="a">Usos del suelo</subfield>
   </datafield>
   <datafield tag="653" ind2=" " ind1=" ">
      <subfield code="a">Litoral</subfield>
   </datafield>
   <datafield ind2="0" ind1="0" tag="245">
      <subfield code="a">Relaciones entre los cambios en los usos del suelo y el incremento de los riesgos de inundabilidad y erosión: análisis diacrónico en la provincia de Málaga (1957-2007)</subfield>
   </datafield>
</record>
</metadata></record></GetRecord></OAI-PMH>